Statistiques concernant Top 5

Cliquez ici pour prendre le quiz!

Statistiques générales

  • Ce quiz a été pris 14 fois
  • Le résultat moyen est 2 sur 30

Statistiques - réponses

HintRéponse% Correct
Combattants UFCMc Gregor
42%
Perso animéNaruto
42%
Perso animéLuffy
33%
PlatPizza
33%
ArtisteMichael Jackson
17%
PlatBurger
8%
PlatLasagne
8%
Perso sérieRagnar
8%
MusiqueA change is gonna come
0%
Perso sérieArthur Shelby
0%
ArtisteBob Marley
0%
Combattants UFCBSD
0%
MusiqueCheek To Cheek
0%
Combattants UFCChimaev
0%
Perso animéGon
0%
Combattants UFCGSP
0%
Perso sérieHeisenberg
0%
Perso sérieJamie
0%
Combattants UFCJon Jones
0%
Perso animéKirito
0%
ArtisteLouis Amstrong
0%
Perso animéNatsu
0%
MusiquePetite Fleur
0%
PlatQuiche
0%
MusiqueRedemption Song
0%
ArtisteSam Cooke
0%
PlatSaucisse lentille
0%
ArtisteSidney Bechet
0%
Perso sérieThomas Shelby
0%
MusiqueWaiting In Vain
0%

Distribution des résultats

Percentile par nombre de réponses

% des personnes avec chaque résultat

Votre développement - résultats

Vous n’avez pas pris ce quiz